[Event "Buenos Aires Duchamp Boca op 3rd"]
[Site "Buenos Aires"]
[Date "2013.06.20"]
[Round "1"]
[White "Flores, Ninfa"]
[Black "Rodriguez Vila, Andres"]
[Result "1-0"]
[WhiteElo "1933"]
[BlackElo "2467"]
[PlyCount "93"]
[EventDate "2013.06.20"]
[EventType "swiss"]
[EventRounds "9"]
[EventCountry "ARG"]
[SourceTitle "CBM 155 Extra"]
[Source "ChessBase"]
[SourceDate "2013.08.26"]
[SourceVersion "1"]
[SourceVersionDate "2013.08.26"]
[SourceQuality "1"]

1. Nf3 f5 2. c4 Nf6 3. Nc3 g6 4. g3 Bg7 5. Bg2 O-O 6. d4 d6 7. O-O Nc6 8. d5
Na5 9. Qd3 c5 10. Nd2 Ng4 11. e3 Bd7 12. h3 Ne5 13. Qe2 a6 14. f4 Nf7 15. a4
Qb6 16. Qd1 Qb4 17. Qc2 Rab8 18. Na2 Qb6 19. Rb1 e5 20. b3 Qc7 21. Re1 Rfe8 22.
Bb2 b5 23. axb5 axb5 24. cxb5 Qa7 25. Nc3 exf4 26. gxf4 c4 27. Nxc4 Nxc4 28.
bxc4 Rxe3 29. Kh1 Rc8 30. Ne2 Qa2 31. Rec1 Rce8 32. Bxg7 Rxe2 33. Qxa2 Rxa2 34.
Rb2 Ra4 35. Bf6 Bc8 36. b6 Bb7 37. c5 dxc5 38. Rxc5 Rxf4 39. Rc7 Rb8 40. d6
Nxd6 41. Rg7+ Kf8 42. Rxh7 Nf7 43. Be5 Rf1+ 44. Kh2 Nxe5 45. Rh8+ Kg7 46. Rxb8
Nf3+ 47. Kg3 1-0

[Event "Buenos Aires Duchamp Boca op 3rd"]
[Site "Buenos Aires"]
[Date "2013.06.21"]
[Round "2"]
[White "Rodriguez Vila, Andres"]
[Black "Escudero, Jose Maria"]
[Result "1-0"]
[WhiteElo "2467"]
[BlackElo "1680"]
[PlyCount "27"]
[EventDate "2013.06.20"]
[EventType "swiss"]
[EventRounds "9"]
[EventCountry "ARG"]
[SourceTitle "CBM 155 Extra"]
[Source "ChessBase"]
[SourceDate "2013.08.26"]
[SourceVersion "1"]
[SourceVersionDate "2013.08.26"]
[SourceQuality "1"]

1. e4 c5 2. Nc3 e6 3. Nge2 Nc6 4. g3 g6 5. d4 cxd4 6. Nxd4 Bg7 7. Ndb5 Nf6 8.
Qd6 Qe7 9. Nc7+ Kd8 10. Qxe7+ Nxe7 11. Nxa8 d6 12. Bg2 e5 13. Nb5 Ne8 14. Nxa7
1-0

[Event "Buenos Aires Duchamp Boca op 3rd"]
[Site "Buenos Aires"]
[Date "2013.06.23"]
[Round "3"]
[White "Hernandez Amura, Gilberto"]
[Black "Rodriguez Vila, Andres"]
[Result "1-0"]
[WhiteElo "1940"]
[BlackElo "2467"]
[PlyCount "71"]
[EventDate "2013.06.20"]
[EventType "swiss"]
[EventRounds "9"]
[EventCountry "ARG"]
[SourceTitle "CBM 155 Extra"]
[Source "ChessBase"]
[SourceDate "2013.08.26"]
[SourceVersion "1"]
[SourceVersionDate "2013.08.26"]
[SourceQuality "1"]

1. e4 e6 2. d3 d5 3. Qe2 Nf6 4. Nf3 Be7 5. g3 dxe4 6. dxe4 b6 7. Nbd2 O-O 8. e5
Nd5 9. a3 c5 10. c4 Nc7 11. Bg2 Bb7 12. O-O b5 13. Rd1 bxc4 14. Nxc4 Nd5 15. h4
h6 16. Be3 Nd7 17. Rac1 Rc8 18. Qd2 N7b6 19. Bxh6 f6 20. exf6 Bxf6 21. Bg5 Nxc4
22. Rxc4 Qe7 23. Bxf6 gxf6 24. h5 Rf7 25. Nh4 f5 26. Ng6 Qf6 27. b4 cxb4 28.
Rxc8+ Bxc8 29. Bxd5 exd5 30. Qxd5 bxa3 31. Qc5 Bb7 32. Qxa3 Kh7 33. Rd6 Qg5 34.
Qc3 Rg7 35. Rd7 Qh6 36. Rxb7 1-0

[Event "Buenos Aires Duchamp Boca op 3rd"]
[Site "Buenos Aires"]
[Date "2013.06.26"]
[Round "6"]
[White "Rodriguez Vila, Andres"]
[Black "Leonoff, Leonardo"]
[Result "1-0"]
[WhiteElo "2467"]
[BlackElo "1935"]
[PlyCount "41"]
[EventDate "2013.06.20"]
[EventType "swiss"]
[EventRounds "9"]
[EventCountry "ARG"]
[SourceTitle "CBM 155 Extra"]
[Source "ChessBase"]
[SourceDate "2013.08.26"]
[SourceVersion "1"]
[SourceVersionDate "2013.08.26"]
[SourceQuality "1"]

1. e4 e6 2. d4 d5 3. e5 c5 4. c3 Nc6 5. Nf3 cxd4 6. cxd4 Nge7 7. Nc3 h5 8. Bg5
a6 9. Bd3 Bd7 10. O-O b5 11. Bxb5 Nxe5 12. Nxe5 axb5 13. Qd3 Qb6 14. Nxd7 Kxd7
15. Nxb5 Nc6 16. a4 Bb4 17. Qb3 f6 18. Bf4 Rac8 19. Rac1 Be7 20. Rce1 g5 21.
Rxe6 1-0

[Event "Buenos Aires Duchamp Boca op 3rd"]
[Site "Buenos Aires"]
[Date "2013.06.27"]
[Round "7"]
[White "Curatola, Clemente"]
[Black "Rodriguez Vila, Andres"]
[Result "0-1"]
[WhiteElo "2114"]
[BlackElo "2467"]
[PlyCount "42"]
[EventDate "2013.06.20"]
[EventType "swiss"]
[EventRounds "9"]
[EventCountry "ARG"]
[SourceTitle "CBM 155 Extra"]
[Source "ChessBase"]
[SourceDate "2013.08.26"]
[SourceVersion "1"]
[SourceVersionDate "2013.08.26"]
[SourceQuality "1"]

1. d4 f5 2. Nc3 d5 3. Nf3 Nf6 4. Bg5 e6 5. e3 Be7 6. Ne5 O-O 7. f4 c5 8. Qd2 a6
9. Bxf6 gxf6 10. Nf3 Nc6 11. Be2 b5 12. O-O Kh8 13. Kh1 Rg8 14. Rae1 Qb6 15.
Nd1 a5 16. Nf2 b4 17. a4 cxd4 18. exd4 e5 19. fxe5 fxe5 20. Nxe5 Qxd4 21. Nf7+
Kg7 0-1

[Event "URU-chTA"]
[Site "Punta del Este"]
[Date "2013.08.16"]
[Round "1.21"]
[White "Rodriguez Vila, Andres"]
[Black "Michailov, Matias"]
[Result "1-0"]
[WhiteElo "2434"]
[BlackElo "2159"]
[PlyCount "55"]
[EventDate "2013.08.16"]
[EventType "team-swiss"]
[EventRounds "5"]
[EventCountry "URU"]
[SourceTitle "EXT 2018"]
[Source "ChessBase"]
[SourceDate "2017.10.13"]
[SourceVersion "1"]
[SourceVersionDate "2017.10.13"]
[SourceQuality "1"]

1. e4 e6 2. d4 d5 3. e5 c5 4. c3 Nc6 5. Nf3 Qb6 6. Bd3 Nh6 7. dxc5 Bxc5 8. O-O
Bd7 9. Qe2 O-O-O 10. b4 Be7 11. Na3 f6 12. exf6 Bxf6 13. Nb5 Rde8 14. Be3 Qd8
15. Nd6+ Kb8 16. Nxe8 Qxe8 17. b5 Na5 18. b6 e5 19. Qb2 a6 20. Rfe1 Nf7 21. Qa3
Nc4 22. Bxc4 dxc4 23. Bd4 Qe6 24. Qa5 Re8 25. Rad1 Qf5 26. Be3 Rc8 27. Rd5 Be6
28. Nd4 1-0

[Event "URU-chTA"]
[Site "Punta del Este"]
[Date "2013.08.17"]
[Round "2.21"]
[White "El Ters, Antouan"]
[Black "Rodriguez Vila, Andres"]
[Result "0-1"]
[WhiteElo "2205"]
[BlackElo "2434"]
[PlyCount "53"]
[EventDate "2013.08.16"]
[EventType "team-swiss"]
[EventRounds "5"]
[EventCountry "URU"]
[SourceTitle "EXT 2018"]
[Source "ChessBase"]
[SourceDate "2017.10.13"]
[SourceVersion "1"]
[SourceVersionDate "2017.10.13"]
[SourceQuality "1"]

1. e4 e6 2. d4 d5 3. Nd2 Nf6 4. Bd3 c5 5. e5 Nfd7 6. c3 Nc6 7. Ne2 cxd4 8. cxd4
Nb6 9. O-O Bd7 10. Nf3 Nb4 11. Bb1 a5 12. a3 Nc6 13. b3 a4 14. b4 Na7 15. Ne1
Nc4 16. Nd3 b6 17. Nc3 Nb5 18. Nxb5 Bxb5 19. Re1 Be7 20. Nb2 Qd7 21. Nxc4 Bxc4
22. Be3 O-O 23. Qg4 f5 24. exf6 Bxf6 25. Bc2 Rac8 26. Rac1 Rf7 27. Bg5 0-1

[Event "URU-chTA"]
[Site "Punta del Este"]
[Date "2013.08.17"]
[Round "4.41"]
[White "Rodriguez Vila, Andres"]
[Black "Magaldi, Nelson"]
[Result "1-0"]
[WhiteElo "2434"]
[BlackElo "2076"]
[PlyCount "33"]
[EventDate "2013.08.16"]
[EventType "team-swiss"]
[EventRounds "5"]
[EventCountry "URU"]
[SourceTitle "EXT 2018"]
[Source "ChessBase"]
[SourceDate "2017.10.13"]
[SourceVersion "1"]
[SourceVersionDate "2017.10.13"]
[SourceQuality "1"]

1. e4 c5 2. Nf3 d6 3. d4 cxd4 4. Nxd4 Nc6 5. Nc3 e6 6. Be3 Nf6 7. f3 Be7 8. Qd2
a6 9. g4 Nxd4 10. Qxd4 Bd7 11. O-O-O Qc7 12. Kb1 Bc6 13. g5 Nh5 14. Bh3 O-O-O
15. Nd5 Bxd5 16. exd5 Rhf8 17. Rd3 1-0

[Event "URU-chTA"]
[Site "Punta del Este"]
[Date "2013.08.18"]
[Round "5.31"]
[White "Larrea, Manuel"]
[Black "Rodriguez Vila, Andres"]
[Result "1/2-1/2"]
[WhiteElo "2323"]
[BlackElo "2434"]
[PlyCount "46"]
[EventDate "2013.08.16"]
[EventType "team-swiss"]
[EventRounds "5"]
[EventCountry "URU"]
[SourceTitle "EXT 2018"]
[Source "ChessBase"]
[SourceDate "2017.10.13"]
[SourceVersion "1"]
[SourceVersionDate "2017.10.13"]
[SourceQuality "1"]

1. e4 e6 2. d4 d5 3. Nc3 Nc6 4. Nf3 Bb4 5. e5 Nge7 6. h4 h6 7. a3 Bxc3+ 8. bxc3
Na5 9. a4 b6 10. Nd2 c5 11. Qg4 Kf8 12. Ba3 Qc7 13. Bd3 cxd4 14. cxd4 Qc3 15.
Ra2 Nac6 16. Bb2 Qb4 17. c3 Nxe5 18. Qe2 Nxd3+ 19. Qxd3 Qa5 20. Qg3 Qa6 21. Ba3
Qb7 22. O-O Kg8 23. Bxe7 Qxe7 1/2-1/2

[Event "Mercosur Cup 17th"]
[Site "Villa Martelli"]
[Date "2013.09.15"]
[Round "1"]
[White "Rodriguez Vila, Andres"]
[Black "Obregon, Carlos Andres"]
[Result "1/2-1/2"]
[WhiteElo "2421"]
[BlackElo "2511"]
[PlyCount "100"]
[EventDate "2013.09.15"]
[EventType "tourn"]
[EventRounds "9"]
[EventCountry "ARG"]
[EventCategory "9"]
[SourceTitle "CBM 156 Extra"]
[Source "ChessBase"]
[SourceDate "2013.10.22"]
[SourceVersion "1"]
[SourceVersionDate "2013.10.22"]
[SourceQuality "1"]

1. e4 c5 2. Nc3 a6 3. g3 d6 4. Bg2 Nf6 5. d3 Nc6 6. f4 g6 7. Nf3 Bg4 8. h3 Bxf3
9. Qxf3 Rc8 10. O-O Bg7 11. g4 O-O 12. Be3 Nd7 13. h4 c4 14. Rad1 cxd3 15. cxd3
b5 16. h5 b4 17. Ne2 Qa5 18. hxg6 hxg6 19. g5 e6 20. Qh3 Rfe8 21. d4 Nf8 22. f5
exf5 23. exf5 gxf5 24. Rxf5 Rxe3 25. Rxa5 Rxh3 26. Bxh3 Re8 27. Rxa6 Nb8 28.
Ra8 Rxe2 29. Rxb8 Rxb2 30. Bf5 Rxa2 31. Rxb4 Ra5 32. d5 Ra7 33. Rb8 Re7 34. Rf1
Bd4+ 35. Kg2 Kg7 36. Rb4 Be3 37. Rg4 Re5 38. Rf3 Bd2 39. Bd3 Rxg5 40. Rxg5+
Bxg5 41. Bf5 Ng6 42. Bxg6 Kxg6 43. Kg3 Bf6 44. Kg4 Be5 45. Rf1 Bh2 46. Kf3 Kf5
47. Rh1 Bf4 48. Rh8 Bg5 49. Rf8 Ke5 50. Rxf7 Bd8 1/2-1/2

[Event "Mercosur Cup 17th"]
[Site "Villa Martelli"]
[Date "2013.09.17"]
[Round "3"]
[White "Rodriguez Vila, Andres"]
[Black "Tristan, Leonardo"]
[Result "1/2-1/2"]
[WhiteElo "2421"]
[BlackElo "2457"]
[PlyCount "22"]
[EventDate "2013.09.15"]
[EventType "tourn"]
[EventRounds "9"]
[EventCountry "ARG"]
[EventCategory "9"]
[SourceTitle "CBM 156 Extra"]
[Source "ChessBase"]
[SourceDate "2013.10.22"]
[SourceVersion "1"]
[SourceVersionDate "2013.10.22"]
[SourceQuality "1"]

1. e4 d5 2. exd5 Qxd5 3. Nc3 Qa5 4. Nf3 Nf6 5. Bc4 Nc6 6. d3 Bg4 7. Bb5 a6 8.
Bxc6+ bxc6 9. h3 Qh5 10. Rg1 Bxf3 11. Qxf3 Qxf3 1/2-1/2

[Event "Mercosur Cup 17th"]
[Site "Villa Martelli"]
[Date "2013.09.19"]
[Round "5"]
[White "Bachmann, Axel"]
[Black "Rodriguez Vila, Andres"]
[Result "0-1"]
[WhiteElo "2543"]
[BlackElo "2421"]
[PlyCount "96"]
[EventDate "2013.09.15"]
[EventType "tourn"]
[EventRounds "9"]
[EventCountry "ARG"]
[EventCategory "9"]
[SourceTitle "CBM 156 Extra"]
[Source "ChessBase"]
[SourceDate "2013.10.22"]
[SourceVersion "1"]
[SourceVersionDate "2013.10.22"]
[SourceQuality "1"]

1. d4 Nf6 2. c4 g6 3. Nf3 Bg7 4. Nc3 O-O 5. e4 d6 6. h3 Nbd7 7. Be3 e5 8. d5
Nc5 9. Nd2 Nh5 10. g3 a5 11. Be2 Nf6 12. a3 Bd7 13. g4 a4 14. h4 Ne8 15. g5 f5
16. exf5 Bxf5 17. Bxc5 dxc5 18. Nde4 Nd6 19. f3 Bxe4 20. Nxe4 Nxe4 21. fxe4 Rf4
22. Qd3 c6 23. O-O-O cxd5 24. cxd5 c4 25. Qe3 Qd6 26. Kb1 b5 27. h5 Rb8 28. Ka1
b4 29. Bxc4 bxa3 30. hxg6 axb2+ 31. Kb1 Rc8 32. Qd3 hxg6 33. Rh2 a3 34. Rc2 Rh4
35. Ka2 Bf8 36. Rf1 Be7 37. Rcf2 Bxg5 38. Rg2 Bf4 39. Rfg1 g5 40. Rc2 Kg7 41.
Bb3 Rxc2 42. Qxc2 Rh2 43. Qb1 Qb4 44. Rd1 Rh3 45. Rd3 Rxd3 46. Qxd3 Qd2 47.
Qxd2 Bxd2 48. d6 g4 0-1

[Event "Mercosur Cup 17th"]
[Site "Villa Martelli"]
[Date "2013.09.20"]
[Round "6"]
[White "Rodriguez Vila, Andres"]
[Black "Pichot, Alan"]
[Result "1-0"]
[WhiteElo "2421"]
[BlackElo "2412"]
[PlyCount "117"]
[EventDate "2013.09.15"]
[EventType "tourn"]
[EventRounds "9"]
[EventCountry "ARG"]
[EventCategory "9"]
[SourceTitle "CBM 156 Extra"]
[Source "ChessBase"]
[SourceDate "2013.10.22"]
[SourceVersion "1"]
[SourceVersionDate "2013.10.22"]
[SourceQuality "1"]

1. d4 Nf6 2. e3 g6 3. Bd3 Bg7 4. f4 c5 5. c3 b6 6. Nf3 Bb7 7. O-O O-O 8. Qe2
Ne4 9. a4 d5 10. a5 c4 11. Bxe4 dxe4 12. Nfd2 b5 13. b3 cxb3 14. Nxb3 Qd5 15.
N1d2 Na6 16. Ba3 Rfc8 17. Rfc1 g5 18. Bxe7 gxf4 19. Qg4 Rc6 20. Qxf4 Re8 21.
Bh4 Bh6 22. Qf2 Qh5 23. Nf1 Rg6 24. Bg3 Ree6 25. Be5 Bd5 26. Rab1 Bxb3 27. Rxb3
Rxe5 28. dxe5 Nc5 29. Rxb5 Nd3 30. Ng3 Qg5 31. Rb8+ Bf8 32. Qd2 Nxc1 33. Qxc1
Qxe5 34. Ra8 Qxa5 35. Qd1 Qg5 36. Qd4 h5 37. Qxe4 Re6 38. Qf4 Qd5 39. Qb8 Qc5
40. Nf1 Rf6 41. Qd8 Kg7 42. h4 Rg6 43. Qd4+ Kh7 44. Rxa7 Qf5 45. Qd7 Qc5 46.
Qc7 Qxc7 47. Rxc7 Kg7 48. c4 Rg4 49. Kf2 Rxh4 50. Ng3 Kg6 51. Kf3 Rg4 52. Rc6+
f6 53. Ne2 Bh6 54. g3 Rg5 55. Nf4+ Kf7 56. Rc7+ Kg8 57. c5 Bf8 58. c6 Rc5 59.
Rc8 1-0

[Event "Mercosur Cup 17th"]
[Site "Villa Martelli"]
[Date "2013.09.22"]
[Round "7"]
[White "Molina, Roberto Junio Brito"]
[Black "Rodriguez Vila, Andres"]
[Result "1/2-1/2"]
[WhiteElo "2421"]
[BlackElo "2421"]
[PlyCount "23"]
[EventDate "2013.09.15"]
[EventType "tourn"]
[EventRounds "9"]
[EventCountry "ARG"]
[EventCategory "9"]
[SourceTitle "CBM 156 Extra"]
[Source "ChessBase"]
[SourceDate "2013.10.22"]
[SourceVersion "1"]
[SourceVersionDate "2013.10.22"]
[SourceQuality "1"]

1. d4 f5 2. g3 Nf6 3. Bg2 g6 4. Nf3 Bg7 5. O-O O-O 6. b3 d6 7. Bb2 c6 8. c4 Na6
9. Nc3 Qe8 10. d5 Bd7 11. Nd4 Rd8 12. Qd2 1/2-1/2

[Event "Caxias do Sul Uva Extra rap"]
[Site "Caxias do Sul"]
[Date "2014.03.06"]
[Round "1"]
[White "Rodriguez Vila, Andres"]
[Black "Milos, Gilberto"]
[Result "1/2-1/2"]
[WhiteElo "2437"]
[BlackElo "2583"]
[PlyCount "107"]
[EventDate "2014.03.06"]
[EventType "game (rapid)"]
[EventRounds "4"]
[EventCountry "BRA"]
[SourceTitle "CBM 159 Extra"]
[Source "ChessBase"]
[SourceDate "2014.04.24"]
[SourceVersion "1"]
[SourceVersionDate "2014.04.24"]
[SourceQuality "1"]

1. f4 d5 2. Nf3 Nf6 3. e3 g6 4. Nc3 Bg7 5. Be2 O-O 6. O-O c5 7. d3 Nc6 8. Qe1
d4 9. exd4 Nxd4 10. Nxd4 Qxd4+ 11. Kh1 Be6 12. Bf3 Qd7 13. Be3 Rac8 14. Qf2 b6
15. Rad1 Nd5 16. Bxd5 Bxd5 17. f5 Qc6 18. Nxd5 Qxd5 19. Qh4 Qxa2 20. Rf3 Qxb2
21. Rh3 h6 22. Bxh6 Bxh6 23. Qxh6 Qg7 24. Qh4 g5 25. Qe4 Rc7 26. Rg3 Rd8 27. h4
Rd4 28. Qa8+ Kh7 29. hxg5 Rh4+ 30. Kg1 Qd4+ 31. Kf1 Rf4+ 32. Rf3 Qe3 33. Rxf4
Qxf4+ 34. Ke2 Qg4+ 35. Qf3 Qxf3+ 36. Kxf3 Rd7 37. c3 b5 38. Ke4 b4 39. cxb4
cxb4 40. Rb1 a5 41. d4 Rb7 42. Kd3 Rc7 43. Rb3 e6 44. g4 Rc1 45. Ke4 Re1+ 46.
Kf4 Kg7 47. Rh3 a4 48. f6+ Kg8 49. g6 fxg6 50. Kg5 Rg1 51. Rh4 Kf7 52. Rh7+ Kf8
53. Rh8+ Kf7 54. Rh7+ 1/2-1/2

[Event "Caxias do Sul Uva Extra rap"]
[Site "Caxias do Sul"]
[Date "2014.03.06"]
[Round "3"]
[White "Leitao, Rafael Duailibe"]
[Black "Rodriguez Vila, Andres"]
[Result "0-1"]
[WhiteElo "2645"]
[BlackElo "2437"]
[PlyCount "70"]
[EventDate "2014.03.06"]
[EventType "game (rapid)"]
[EventRounds "4"]
[EventCountry "BRA"]
[SourceTitle "CBM 159 Extra"]
[Source "ChessBase"]
[SourceDate "2014.04.24"]
[SourceVersion "1"]
[SourceVersionDate "2014.04.24"]
[SourceQuality "1"]

1. d4 Nf6 2. Nf3 e6 3. c4 Bb4+ 4. Bd2 Qe7 5. g3 Nc6 6. Nc3 Bxc3 7. Bxc3 Ne4 8.
Rc1 O-O 9. Bg2 d5 10. O-O Rd8 11. Qc2 a5 12. Rfd1 Nxc3 13. Qxc3 Nb4 14. cxd5
Nxa2 15. Qxc7 Rd7 16. Qxc8+ Rxc8 17. Rxc8+ Rd8 18. Rxd8+ Qxd8 19. dxe6 fxe6 20.
e4 Nb4 21. d5 exd5 22. exd5 Qd6 23. Nd4 Qe5 24. h4 h6 25. Ne6 Qxb2 26. d6 Qb3
27. Rd4 Qxe6 28. d7 Qe1+ 29. Kh2 Nc6 30. Bd5+ Kh7 31. Kg2 Nd8 32. Re4 Qd2 33.
Re5 Qd4 34. Be4+ Kg8 35. Re8+ Kf7 0-1

[Event "Caxias do Sul Uva rap"]
[Site "Caxias do Sul"]
[Date "2014.03.06"]
[Round "1"]
[White "Rodriguez Vila, Andres"]
[Black "Milos, Gilberto"]
[Result "1-0"]
[WhiteElo "2437"]
[BlackElo "2583"]
[PlyCount "67"]
[EventDate "2014.03.06"]
[EventType "tourn (rapid)"]
[EventRounds "6"]
[EventCountry "BRA"]
[EventCategory "16"]
[SourceTitle "CBM 159"]
[Source "ChessBase"]
[SourceDate "2014.03.17"]
[SourceVersion "1"]
[SourceVersionDate "2014.03.17"]
[SourceQuality "1"]

1. e4 c5 2. Nf3 Nc6 3. d4 cxd4 4. Nxd4 Nf6 5. Nc3 d6 6. Be3 e5 7. Nb3 Be7 8.
Qd2 O-O 9. h3 Be6 10. O-O-O a5 11. Kb1 a4 12. Nc1 a3 13. b3 Qa5 14. g4 Rfc8 15.
g5 Ne8 16. Nd5 Bd8 17. Qxa5 Bxa5 18. c3 Bxd5 19. exd5 Ne7 20. b4 Bd8 21. Kc2
Nf5 22. h4 Nxe3+ 23. fxe3 Bb6 24. Rh3 g6 25. Nd3 Rc7 26. Kb3 Ng7 27. Nf2 Nf5
28. Ng4 Kg7 29. e4 Ne7 30. Be2 Ng8 31. h5 f5 32. gxf6+ Kf8 33. hxg6 hxg6 34.
Rh8 1-0

[Event "Caxias do Sul Uva rap"]
[Site "Caxias do Sul"]
[Date "2014.03.06"]
[Round "2"]
[White "Leitao, Rafael Duailibe"]
[Black "Rodriguez Vila, Andres"]
[Result "0-1"]
[WhiteElo "2645"]
[BlackElo "2437"]
[PlyCount "46"]
[EventDate "2014.03.06"]
[EventType "tourn (rapid)"]
[EventRounds "6"]
[EventCountry "BRA"]
[EventCategory "16"]
[SourceTitle "CBM 159"]
[Source "ChessBase"]
[SourceDate "2014.03.17"]
[SourceVersion "1"]
[SourceVersionDate "2014.03.17"]
[SourceQuality "1"]

1. e4 c5 2. Nf3 Nc6 3. d4 cxd4 4. Nxd4 Nf6 5. Nc3 d6 6. Be3 e5 7. Nb3 Be7 8.
Qd2 O-O 9. h3 Be6 10. O-O-O a5 11. Kb1 a4 12. Nc1 a3 13. b3 Qa5 14. g4 Rfc8 15.
g5 Ne8 16. Nd5 Bd8 17. Qxa5 Bxa5 18. c3 Bxd5 19. exd5 Ne7 20. b4 Bd8 21. Kc2
Nf5 22. h4 Nxe3+ 23. fxe3 Bb6 0-1

[Event "Caxias do Sul Uva rap"]
[Site "Caxias do Sul"]
[Date "2014.03.06"]
[Round "4"]
[White "Milos, Gilberto"]
[Black "Rodriguez Vila, Andres"]
[Result "1-0"]
[WhiteElo "2583"]
[BlackElo "2437"]
[PlyCount "31"]
[EventDate "2014.03.06"]
[EventType "tourn (rapid)"]
[EventRounds "6"]
[EventCountry "BRA"]
[EventCategory "16"]
[SourceTitle "CBM 159"]
[Source "ChessBase"]
[SourceDate "2014.03.17"]
[SourceVersion "1"]
[SourceVersionDate "2014.03.17"]
[SourceQuality "1"]

1. c4 Nf6 2. Nc3 e6 3. e4 d6 4. d4 c5 5. dxc5 dxc5 6. Qxd8+ Kxd8 7. Bf4 a6 8.
O-O-O+ Bd7 9. Nf3 Nc6 10. Be2 h6 11. e5 Nh5 12. Be3 g6 13. Na4 Kc7 14. Rxd7+
Kxd7 15. Nb6+ Ke8 16. Bf1 1-0

[Event "Caxias do Sul Uva rap"]
[Site "Caxias do Sul"]
[Date "2014.03.06"]
[Round "5"]
[White "Rodriguez Vila, Andres"]
[Black "Leitao, Rafael Duailibe"]
[Result "1/2-1/2"]
[WhiteElo "2437"]
[BlackElo "2645"]
[PlyCount "105"]
[EventDate "2014.03.06"]
[EventType "tourn (rapid)"]
[EventRounds "6"]
[EventCountry "BRA"]
[EventCategory "16"]
[SourceTitle "CBM 159"]
[Source "ChessBase"]
[SourceDate "2014.03.17"]
[SourceVersion "1"]
[SourceVersionDate "2014.03.17"]
[SourceQuality "1"]

1. e4 c5 2. Nf3 Nc6 3. d4 cxd4 4. Nxd4 e6 5. Nc3 a6 6. g3 d6 7. Bg2 Bd7 8. O-O
Nf6 9. a4 Be7 10. Nxc6 Bxc6 11. a5 O-O 12. Bf4 Qc7 13. Qe2 Nd7 14. Rfd1 Rfe8
15. b3 Rac8 16. Ra2 Ne5 17. Be3 Bf6 18. Bb6 Qe7 19. Na4 Nd7 20. Be3 d5 21. exd5
exd5 22. Bxd5 Bxd5 23. Rxd5 Ne5 24. c4 Qe6 25. Nc5 Qh3 26. Ne4 Ng4 27. f3 Rxe4
28. fxe4 Re8 29. Bb6 Ne5 30. Rad2 h5 31. Bd8 Qe6 32. Qf1 Bxd8 33. Rxd8 g6 34.
Rxe8+ Qxe8 35. Qf6 Nc6 36. e5 Kh7 37. e6 fxe6 38. Rd6 e5 39. Re6 Qg8 40. b4 Qg7
41. Qxg7+ Kxg7 42. b5 Nxa5 43. bxa6 bxa6 44. Rxa6 Nxc4 45. Kf2 Kf7 46. Kf3 Nd2+
47. Ke3 Nf1+ 48. Ke4 Nxh2 49. Kxe5 Ng4+ 50. Kf4 Nf6 51. Kg5 Ne4+ 52. Kh6 Nxg3
53. Ra7+ 1/2-1/2

[Event "Caxias do Sul Uva KO rap"]
[Site "Caxias do Sul"]
[Date "2014.03.07"]
[Round "2.1"]
[White "Leitao, Rafael Duailibe"]
[Black "Rodriguez Vila, Andres"]
[Result "1-0"]
[WhiteElo "2645"]
[BlackElo "2437"]
[PlyCount "111"]
[EventDate "2014.03.07"]
[EventType "k.o. (rapid)"]
[EventRounds "2"]
[EventCountry "BRA"]
[SourceTitle "CBM 159 Extra"]
[Source "ChessBase"]
[SourceDate "2014.04.24"]
[SourceVersion "1"]
[SourceVersionDate "2014.04.24"]
[SourceQuality "1"]

1. d4 e6 2. Nf3 c5 3. e4 d5 4. exd5 exd5 5. Bb5+ Nc6 6. O-O c4 7. Re1+ Be7 8.
b3 cxb3 9. axb3 Nf6 10. Ne5 Qb6 11. Bxc6+ bxc6 12. Ba3 Be6 13. Bxe7 Kxe7 14.
Nc3 Rhe8 15. Na4 Qc7 16. Nc5 Kf8 17. Ra6 Bf5 18. f3 Kg8 19. Qd2 Qe7 20. Rxc6 a5
21. Rb6 Rac8 22. Rb7 Rc7 23. Rb5 Ra7 24. Rxa5 Rxa5 25. Qxa5 Bxc2 26. Qc3 Bf5
27. b4 h5 28. b5 Qc7 29. Nc6 Kh7 30. Rxe8 Nxe8 31. Qe3 Nd6 32. Qe5 Bg6 33. Na6
Qd7 34. Qxd5 h4 35. Kf2 h3 36. g4 Ne4+ 37. fxe4 Qxg4 38. Qe5 Bxe4 39. Qg3 Qf5+
40. Ke3 Bxc6 41. bxc6 Qe6+ 42. Qe5 Qb3+ 43. Kf4 Qc3 44. Qe3 g5+ 45. Kf3 Qa1 46.
c7 Qxa6 47. Kg3 Qc6 48. Qxg5 Qxc7+ 49. Qf4 Qc3+ 50. Kh4 Kg7 51. Qg5+ Kf8 52.
Qf6 Qd3 53. Qd8+ Kg7 54. d5 Kg6 55. Qg8+ Kf6 56. Qh8+ 1-0

[Event "Caxias do Sul Uva KO rap"]
[Site "Caxias do Sul"]
[Date "2014.03.07"]
[Round "2.2"]
[White "Rodriguez Vila, Andres"]
[Black "Leitao, Rafael Duailibe"]
[Result "1-0"]
[WhiteElo "2437"]
[BlackElo "2645"]
[PlyCount "61"]
[EventDate "2014.03.07"]
[EventType "k.o. (rapid)"]
[EventRounds "2"]
[EventCountry "BRA"]
[SourceTitle "CBM 159 Extra"]
[Source "ChessBase"]
[SourceDate "2014.04.24"]
[SourceVersion "1"]
[SourceVersionDate "2014.04.24"]
[SourceQuality "1"]

1. e4 d6 2. d4 Nf6 3. Nc3 g6 4. h3 Bg7 5. g4 c5 6. dxc5 Qa5 7. Bg2 Qxc5 8. Nge2
O-O 9. O-O Nc6 10. a4 Qa5 11. Bd2 Qd8 12. Nd5 Ne5 13. Bc3 Be6 14. a5 Rc8 15. f4
Ned7 16. Nd4 Bxd5 17. exd5 Rc5 18. Nb3 Rc4 19. Qd3 Qc8 20. Rae1 Re8 21. Kh2 b6
22. Nd4 Rc7 23. Nc6 Nc5 24. Qb5 a6 25. Qb4 b5 26. Bd4 Nxd5 27. Bxd5 Rxc6 28.
Bxg7 Kxg7 29. Bxc6 Qxc6 30. Qc3+ f6 31. b4 1-0

[Event "Mar del Plata Duchamp op 45th"]
[Site "Mar del Plata"]
[Date "2014.04.13"]
[Round "2"]
[White "Cortes Orihuela, Javier"]
[Black "Rodriguez Vila, Andres"]
[Result "0-1"]
[WhiteElo "2133"]
[BlackElo "2437"]
[PlyCount "70"]
[EventDate "2014.04.12"]
[EventType "swiss"]
[EventRounds "9"]
[EventCountry "ARG"]
[SourceTitle "CBM 159 Extra"]
[Source "ChessBase"]
[SourceDate "2014.04.24"]
[SourceVersion "1"]
[SourceVersionDate "2014.04.24"]
[SourceQuality "1"]

1. d4 e6 2. c4 c5 3. d5 b5 4. cxb5 Nf6 5. dxe6 fxe6 6. Nf3 d5 7. Bg5 Nbd7 8. e4
dxe4 9. Nfd2 Bb7 10. Nc4 Qc7 11. Nc3 Be7 12. Be2 O-O 13. O-O Ne5 14. Bh4 Rad8
15. Qb3 Nxc4 16. Bxc4 Bd6 17. Bxe6+ Kh8 18. Bg3 e3 19. Bxd6 Rxd6 20. Rae1 Rd3
21. Rxe3 Rxe3 22. fxe3 Qe5 23. e4 Rd8 24. Bh3 Qd4+ 25. Kh1 Bxe4 26. Rd1 Bd3 27.
Qf7 Qf2 28. Qxa7 Re8 29. Be6 Rxe6 30. h3 Re8 31. Qb7 c4 32. b6 Qxb2 33. Qc7
Qxc3 34. b7 Qb2 35. Qc8 Be4 0-1